Normal view
MARC view
- HUMEZ,NICHOLAS & ALEXANDER
Entry Personal Name
001 - CONTROL NUMBER
- control field: 133821
003 - CONTROL NUMBER IDENTIFIER
- control field: NUST
005 - DATE AND TIME OF LATEST TRANSACTION
- control field: 20260402112246.0
008 - FIXED-LENGTH DATA ELEMENTS
- fixed length control field: 260402|| aca||aabn | a|a d
040 ## - CATALOGING SOURCE
- Original cataloging agency: NUST
- Transcribing agency: NUST
100 ## - HEADING--PERSONAL NAME
- Personal name: HUMEZ,NICHOLAS & ALEXANDER
670 ## - SOURCE DATA FOUND
- Source citation: Work cat.: (NUST): HUMEZ,NICHOLAS & ALEXANDER., A.B.C ET CETERA THE LIFE & TIMES OF THE ROMAN ALPHABET /, 1985.
